[Event "Oviedo op 8th"]
[Site "Oviedo"]
[Date "2022.07.20"]
[Round "6"]
[White "Kila Ruiz, Ichiro"]
[Black "Vallina Campillo, Miguel Angel"]
[Result "1-0"]
[WhiteElo "1799"]
[BlackElo "1592"]
[PlyCount "45"]
[EventDate "2022.07.17"]
[EventType "swiss"]
[EventRounds "9"]
[EventCountry "ESP"]
[SourceTitle "CBM 209 Extra"]
[Source "ChessBase"]
[SourceDate "2022.09.30"]
[SourceVersion "1"]
[SourceVersionDate "2022.09.30"]
[SourceQuality "1"]

1. c4 Nc6 2. Nc3 d6 3. d4 Nf6 4. e4 e5 5. d5 Ne7 6. h3 g6 7. Be3 Bg7 8. Qd2 h5 9. Bd3 c6 10. Nge2 Bd7 11. b4 a5 12. b5 c5 13. a4 b6 14. 0-0-0 Neg8 15. Bg5 Bh6 16. Bxh6 Rxh6 17. f4 Qe7 18. Rhf1 Kd8 19. Rf2 Kc7 20. Rdf1 Re8 21. fxe5 Qxe5 22. Rxf6 Nxf6 23. Qxh6 1-0